000 01020namaa2200277 i 4500
003 EG-GICUC
005 20260110142743.0
008 260110s19uu le |||jr|||| 000 0 ara d
040 _aEG-GiCUC
_bara
_cEG-GiCUC
_dEG-GiCUC
_erda
082 0 4 _221
_a217.6
_bB2191m
092 0 4 _221
_a217.6
_bB2191m
099 _a217.6 B2191m
100 1 _aالبنا، حسن،
_d1906-1949
_eمؤلف.
245 1 _aمجموعة رسائل الإمام الشهيد حسن البنا /
264 _aبيروت(لبنان) :
_bالمؤسسة السلامية للطباعة والصحافة والنشر،
_c[19--].
300 _a382 صفحة ؛
_c25 سم
336 _2rdacontent
_atext
337 _2rdamedia
_aUnmediated
338 _2rdacarrier
_avolume
504 _aيشتمل على ارجاعات ببليوجرافية.
541 _aد. جابر عصفور ؛
_bالقاهرة ؛
_cإهداء ؛
_d2024.
650 1 7 _aالاخوان المسلمون
_2qrmak
651 1 _2qrmak
905 _aAya
942 _2ddc
_cBK
_e21
_n0
999 _c177549
_d177549